Infant development / (Record no. 20755)

MARC details
000 -LEADER
fixed length control field 00902nam a2200253 a 4500
005 - DATE AND TIME OF LATEST TRANSACTION
control field 20070924140453.0
008 - FIXED-LENGTH DATA ELEMENTS--GENERAL INFORMATION
fixed length control field 910222s1991 njua b 001 0 eng
010 ## - LCCN (DPL NO)
LC control number ENG-92417
020 ## - INTERNATIONAL STANDARD BOOK NUMBER
International Standard Book Number 9798184241975
Terms of availability 350.00
020 ## - INTERNATIONAL STANDARD BOOK NUMBER
International Standard Book Number 8184241976
Terms of availability 350.00
035 ## - SYSTEM CONTROL NUMBER
System control number EN-75950
037 ## - SOURCE OF ACQUISITION
Source of stock number/acquisition DBAD / PUB
040 ## - CATALOGING SOURCE
Original cataloging agency dpl
Language of cataloging English
082 ## - DEWEY DECIMAL CLASSIFICATION NUMBER
Classification number 649.122
245 ## - TITLE STATEMENT
Title Infant development /
Statement of responsibility, etc edited by Sushila Srivastava
260 ## - PUBLICATION, DISTRIBUTION, ETC. (IMPRINT)
Place of publication, distribution, etc New Delhi
Name of publisher, distributor, etc Allied Publishers
Date of publication, distribution, etc 2007
270 ## - ADDRESS
Address 1/13-14, Asaf Ali Road,
City New Delhi
Postal code 110002
300 ## - PHYSICAL DESCRIPTION
Extent ix, 417p.
Dimensions 24 cm (pbk)
650 ## - SUBJECT ADDED ENTRY--TOPICAL TERM
Topical term or geographic name as entry element Infants
General subdivision Development
650 ## - SUBJECT ADDED ENTRY--TOPICAL TERM
Topical term or geographic name as entry element Child development
650 ## - SUBJECT ADDED ENTRY--TOPICAL TERM
Topical term or geographic name as entry element Infants
General subdivision Care.
942 ## - ADDED ENTRY ELEMENTS (KOHA)
Source of classification or shelving scheme Dewey Decimal Classification
Item type English Books
Classification part 649.122
Call number suffix INF
Holdings
Withdrawn status Lost status Source of classification or shelving scheme Damaged status Not for loan Collection code Home library Current library Date acquired Source of acquisition Cost, normal purchase price Total Checkouts Full call number Barcode Date last seen Copy number Cost, replacement price Koha item type
    Dewey Decimal Classification   Not For Loan Non-fiction D.B.Act.Division D.B.Act.Division 09/01/2009 DBAD / PUB 350.00   649.122 INF EN-75950 09/01/2009 1 350.00 English Books

© Delhi Public Library
Hit Counter
free hit counter